Πολιτοικολογία
Αποθηκεύτηκε σε:
| Κύριος συγγραφέας: | |
|---|---|
| Μορφή: | Βιβλίο |
| Γλώσσα: | Greek |
| Δημοσίευση: |
Αθήνα :
Στοχαστής,
1986
|
| Σειρά: | Οικολογία
|
| Θέματα: | |
| Ετικέτες: |
Προσθήκη ετικέτας
Δεν υπάρχουν, Καταχωρήστε ετικέτα πρώτοι!
|
MARC
| LEADER | 00000nam a2200000 i 4500 | ||
|---|---|---|---|
| 001 | 1/67204 | ||
| 008 | 931027s gre d | ||
| 035 | |a ΛΕΣΒΟΣb10001857 |l 10001857 | ||
| 040 | |a GR-MY-UA |b gre |e aacr | ||
| 041 | 0 | |a gre | |
| 082 | 0 | |a 304.2 | |
| 100 | 1 | |a Λουλούδης, Λεωνίδας, |d 1947- | |
| 245 | 1 | 0 | |a Πολιτοικολογία / |c Λεωνίδας Λουλούδης |
| 260 | |a Αθήνα : |b Στοχαστής, |c 1986 | ||
| 300 | |a 219 σ. | ||
| 490 | 1 | |a Οικολογία | |
| 650 | 0 | 0 | |a Human ecology. |
| 650 | 0 | 0 | |a Ecology. |
| 650 | 0 | 0 | |a Policy. |
| 830 | 0 | |a Οικολογία | |
| 852 | |a INST |b LESVOS |e 19931027 |h 304.2 ΛΟΥ |p 005100003280 |q 005100003280 |t BK |y 0 | ||
| 909 | |a Λ |b 018012 | ||